书目信息 |
| 题名: |
现代心理与教育统计学
|
|
| 作者: | 张厚粲 , 徐建平 著 | |
| 分册: | ||
| 出版信息: | 北京 北京师范大学出版社 2007 |
|
| 页数: | 505页 | |
| 开本: | 26cm | |
| 丛书名: | ||
| 单 册: | ||
| 中图分类: | G40-051 , B841.2 | |
| 科图分类: | ||
| 主题词: | 心理统计--高等学校--教材 , 教育统计--高等学校--教材 | |
| 电子资源: | ||
| ISBN: | 7-303-00039-9 | |
| 000 | 01024nam0 2200289 450 | |
| 000 | 01040nam0 2200289 450 | |
| 000 | 00971nam0 2200265 450 | |
| 000 | 00935nam0 2200253 45 | |
| 005 | 20070727171244.04 | |
| 010 | @a7-303-00039-9@dCNY45.00 | |
| 100 | @a20070616d2007 em y0chiy0120 ea | |
| 101 | 0 | @achi |
| 102 | @aCN@b110000 | |
| 105 | @ay z 000yy | |
| 200 | 1 | @a现代心理与教育统计学@AXian Dai Xin Li Yu Jiao Yu Tong Ji Xue@f张厚粲,徐建平著@FZhang Hou Can, Xu Jian Ping Zhu |
| 210 | @a北京@c北京师范大学出版社@d2007 | |
| 215 | @a505页@d26cm | |
| 300 | @a新世纪高等学校教材 北京市高等教育精品教材 心理学基础课系列教材 | |
| 330 | @a本书包括绪论,统计图表,集中量数,差异数量,相关关系,概率分布,参数估计,假设检验,方差分析等内容。 | |
| 606 | 0 | @a心理统计@x高等学校@j教材 |
| 606 | 0 | @a教育统计@x高等学校@j教材 |
| 690 | @aG40-051@v4 | |
| 690 | @aB841.2@v4 | |
| 701 | 0 | @a张厚粲@AZhang Hou Can@4著 |
| 701 | 0 | @a徐建平@AXu Jian Ping@4著 |
| 801 | 0 | @aCN@bTAOJIN@c20070727 |
| 905 | @a10447@dB841.2@e832 | |
| 现代心理与教育统计学/张厚粲,徐建平著.-北京:北京师范大学出版社,2007 |
| 505页;26cm |
| 新世纪高等学校教材 北京市高等教育精品教材 心理学基础课系列教材 |
| ISBN 7-303-00039-9:CNY45.00 |
| 本书包括绪论,统计图表,集中量数,差异数量,相关关系,概率分布,参数估计,假设检验,方差分析等内容。 |
| ● |
| 相关链接 |
|
|
|
|
正题名:现代心理与教育统计学
索取号:B841.2/832
 
预约/预借
| 序号 | 登录号 | 条形码 | 馆藏地/架位号 | 状态 | 备注 |
| 1 | 0821995 | 208219952 | 第一样本阅览室/ [索取号:B841.2/832] | 在馆 | |
| 2 | 0821996 | 208219961 | 第一借阅区/ [索取号:B841.2/832] | 在馆 | |
| 3 | 0821997 | 208219970 | 第一借阅区/ [索取号:B841.2/832] | 在馆 | |
| 4 | 0821998 | 208219989 | 第一借阅区/ [索取号:B841.2/832] | 在馆 |